| 000 | 00460nam a2200193Ia 4500 | ||
|---|---|---|---|
| 005 | 20240823024306.0 | ||
| 008 | 240823s9999||||xx |||||||||||||| ||und|| | ||
| 020 | _a81-7409-153-X | ||
| 041 | _aENGLISH | ||
| 082 | _A620.110257 P9 | ||
| 100 | _aJain R K | ||
| 245 | 0 | _aEngineering Metrology | |
| 250 | _a20th | ||
| 260 |
_c2009 _b"Khanna Publishders," _aNew Delhi |
||
| 500 | _aYES | ||
| 650 |
_aMetrology _bMechanical |
||
| 942 | _cBK | ||
| 999 |
_c183576 _d183576 |
||